Normal view
MARC view
- سياسة اقتصادية- تنمية اقتصادية
Entry Topical Term
001 - CONTROL NUMBER
- control field: 37917
003 - CONTROL NUMBER IDENTIFIER
- control field: JO-AjAnu
005 - DATE AND TIME OF LATEST TRANSACTION
- control field: 20230606080323.0
008 - FIXED-LENGTH DATA ELEMENTS
- fixed length control field: 230606|| aca||aabn | a|a d
040 ## - CATALOGING SOURCE
- Original cataloging agency: JO-AjAnu
- Transcribing agency: JO-AjAnu
150 ## - HEADING--TOPICAL TERM
- Topical term or geographic name entry element: سياسة اقتصادية- تنمية اقتصادية
670 ## - SOURCE DATA FOUND
- Source citation: Work cat.: (JO-AjAnu)19454: محي الدين، عمرو, author 37916, التنمية والتخطيط الاقتصادي